00946 a2200241 4500010001400000020002200014035001300036037001500049082001000064090001700074100002100091245010700112260007100219270011000290300002800400500005200428700001600480700001700496700001600513942002500529999001700554952013300571 aENG-89325 c94.00a8172085070 aEN-72858 bDBAD / PUB14a174.2 c10775d107751 aGhooi, Charanjit1 aHuman values and health/ccompiled & written by Charanjit Ghooi; edited by Zeba Bashiruddine...[et al] aPrasanthi NilayambSri Sathya Sai Books & Publications Trustc2007 aPrasanthi Nilayam-515-134, /anantapur District,bAndhra Pradeshmenquiry@sssbpt.orgk08555-287375l287236 aLi, 401 p.c22 cm ( Hb) aIncludes glossary and bibliographical reference1 aJulia, Hall1 a Powers,Joan1 aRiggi, Joan adplcENk174.2 / GHO c10479d10479 00102ddc40718NFICaDBADbDBADeDBAD/PUBg94.00l0o174.2 GOOpEN-72858r2008-09-15 00:00:00t1u11539v94.00w2008-09-15yEN